| 000 | 01037nam a22002537a 4500 | ||
|---|---|---|---|
| 001 | 9664 | ||
| 003 | FISKH | ||
| 005 | 20260129130331.0 | ||
| 008 | 260128b cb ||||| |||| 00| 0 eng d | ||
| 020 | _a9781526605399 | ||
| 040 |
_aFISKH _beng _cFISKH _dFISKH |
||
| 050 | _aPZ7 .M111575 .C | ||
| 082 | _a813.6 | ||
| 100 | _aMaas, Sarah J. | ||
| 245 |
_aA court of thorns and roses / _cSarah J. Maas |
||
| 250 | _aThis edition published in 2023 | ||
| 260 |
_aLondon : _bBloomsbury, _c2015 |
||
| 300 |
_a419 pages : _c20 cm |
||
| 490 |
_aA Court of Thorns and Roses : _vBook one |
||
| 520 | _aDragged to a treacherous magical land she only knows about from stories, Feyre discovers that her captor is not an animal, but Tamlin, a High Lord of the faeries. As her feelings toward him transform from hostility to a firey passion, the threats against the faerie lands grow. Feyre must fight to break an ancient curse, or she will lose Tamlin forever. | ||
| 650 |
_aFantasy _vRomance _xNew adult |
||
| 942 |
_2ddc _cBK _n0 |
||
| 999 |
_c9664 _d9664 |
||